000 00353nam a22001697a 4500
003 UA-OsUOA
001 3117
007 ta
008 20050721b un ||||| |||| 00| 0 ukr d
100 _aGreenow
700 _aLinda L.
942 _cBK
040 _aUA-OsUOA
_cUA-OsUOA
_dUA-OsUOA
245 _aWorld geography.
_bScience
955 _a2
650 7 _2UDC
999 _c289279
_d289279